Ekonomický rozvoj Čínskej ľudovej republiky a Lewisov model duálnej ekonomiky

Teória ekonomického rozvoja s nevyčerpateľným množstvom pracovnej sily rozvojového ekonóma Arthura Lewisa. Ekonomika ČĽR s nevyčerpateľným množstvom pracovnej sily.

Gespeichert in:
Bibliographische Detailangaben
1. Verfasser: Buzinkai, Matej
Format: Buchkapitel
Sprache:Slowakisch
Schlagworte:
Tags: Tag hinzufügen
Keine Tags, Fügen Sie das erste Tag hinzu!

MARC

LEADER 00000naa a2200000 4500
001 0179986
005 20240502073048.0
041 0 |a slo 
044 |a SK 
245 1 0 |a Ekonomický rozvoj Čínskej ľudovej republiky a Lewisov model duálnej ekonomiky  |c Matej Buzinkai 
520 |a Teória ekonomického rozvoja s nevyčerpateľným množstvom pracovnej sily rozvojového ekonóma Arthura Lewisa. Ekonomika ČĽR s nevyčerpateľným množstvom pracovnej sily. 
610 2 0 |a Čína 
610 2 0 |a sily pracovné 
610 2 0 |a mzdy 
610 2 0 |a priemysel spracovateľský 
610 2 0 |a rozvoj hospodársky 
100 1 |a Buzinkai, Matej